000 00756nas a2200229 4500
001 BR9703214
003 BR-BrBNA
005 20231205100353.0
007 ta
008 230509b bl.|||p| |||| 00| 00por d
040 _aBR-BrBNA
_bpor
_cBiblioteca Nacional de Agricultura
041 _a(Pt)
072 _aF70
100 1 _aBarros, F. de
245 1 _aUma nova especie de Malaxis sol. EX SW. (Orchidaceae)da Serra do Cipo (Minas Gerais, Brasil)e consideracoes sobre as secoes brasileiras do genero
650 _aTaxonomia Vegetal
650 _aOrchidaceae
650 _aMinas Gerais
773 0 _tBoletim de Botanica (Brazil)
_xISSN 0302-2439
_g(1996), v. 15 p. 31-34
_wBR9703214
909 _a202311
_bLúcia
_c55
_dLúcia Elande
942 _2AGRIS
_n0
_cANA
999 _c155632
_d155632